La lucha por la dignidad : teoría de la felicidad política /

Guardado en:
Detalles Bibliográficos
Autor principal: Marina, José Antonio (autor)
Otros autores: Válgoma, María de la (autor) (autor)
Formato: Libro
Idioma:Español
Publicado: Barcelona, España : Anagrama, 2000, c2000
Colección:(Argumentos ; 254)
Temas:
Etiquetas: Agrega una etiqueta
Sin etiquetas, Sé el primero en etiquetar este registro!

MARC

LEADER 00000nam^a2200000^a^4500
001 000259435
005 20250521000000.0
009 20260310110407.541
020 |a 84-339-6145-4 
037 |a Acervo Xavier Clavigero 
041 |a ESP 
082 |a 320. 01  |b MAR 
100 |a Marina, José Antonio  |e (autor) 
245 1 3 |a La lucha por la dignidad :  |b teoría de la felicidad política /  |c J.A. Marina, M. de la Válgoma. 
264 4 |a Barcelona, España :  |b Anagrama,  |c 2000, c2000 
300 |a 362 p. 
336 |a texto  |b txt  |2 rdacontenido 
337 |a sin mediación  |b n  |2 rdamedio 
338 |a volumen  |b nc  |2 rdasoporte 
440 1 |a (Argumentos ;  |v 254) 
649 |a XX 
650 |a Mujeres -  |x Condiciones Sociales y Culturales 
650 |a Dignidad 
650 |a Igualdad y Desigualdad 
650 |a Justicia e Injusticia 
650 |a Libertad Religiosa 
650 |a Discriminación 
650 |a Racismo 
650 |a Esclavitud 
650 |a Abuso de Poder 
650 |a Fraternidad 
650 |a Felicidad -  |x Aspectos Políticos -  |x Tema Principal 
650 |a Etica Política -  |x Tema Principal 
650 |a Filosofía Política 
650 |a Política -  |x Teoría 
700 |a Válgoma, María de la  |e (autor) 
910 |a Fondo General 
920 |a Impresos - Libros 
930 |a Colección General 
905 |a 101 
901 |a 070732  |b IT1  |c ACC  |u 20250521 
902 |a https://opac.biblio.iteso.mx/vufind/Record/000259435